Score 0/46 Timer 06:00
0 Plays Today
Tenure Writer % Correct
1963Stan Lee (plotter)
99.6%
1963-1968Stan Lee
99.6%
1996-1997Jim Lee
95%
2011-2012Matt Fraction
90.2%
2008-2011Matt Fraction
90%
1987-1989David Michelinie
87.6%
1978-1982David Michelinie
87.6%
1963Larry Lieber (scripts)
85.9%
1987-1989Bob Layton
83.3%
1978-1982Bob Layton
83.3%
1990Bob Layton
83.3%
1990-1992John Byrne
80.9%
1971-1972Gerry Conway
80.9%
1977Gerry Conway
80.9%
1997-2000Kurt Busiek
76.7%
1982-1986Dennis O'Neil
74.5%
1998-2000Roger Stern
74.3%
1976Len Wein
74.3%
2005-2006Warren Ellis
74.1%
1972-1973Mike Friedrich
73.7%
1973-1975Mike Friedrich
73.7%
1968-1970Archie Goodwin
73.5%
1976Archie Goodwin
73.5%
Tenure Writer % Correct
1972Gary Friedrich
73.5%
1997Jeph Loeb
72.5%
1977-1978Bill Mantlo
71.7%
1976Bill Mantlo
71.7%
2012-Kieron Gillen
70.7%
1973Steve Gerber
65.3%
1992-1995Len Kaminski
57.6%
2003-2004John Jackson Miller
57.4%
1996-1997Scott Lobdell
55.6%
2000Joe Quesada
55%
2008Stuart Moore
54.2%
1995-1996Terry Kavanagh
54%
2006-2008Daniel Knauf
52.4%
2006-2008Charles Knauf
52.4%
2002-2003Mike Grell
49.8%
1986-1987Danny Fingeroth
48.8%
2008-2009Christos Gage
47.6%
2001-2002Frank Tieri
45.2%
1970-1971Allyn Brodsky
45.2%
1989-1990Dwayne McDuffie
43.4%
1976Roger Slifer
40%
2003Robin Laws
39.6%
2004Mark Ricketts
38%
Remove Ads.
Support Sporcle.
Get the best of Sporcle when you Go Orange. This ad-free experience offers more features, more stats, and more fun while also helping to support Sporcle. Thank you for becoming a member.

You're not logged in!

Compare scores with friends on all Sporcle quizzes.
OR
Log In

Show Comments

Extras

Top Quizzes Today


Score Distribution

Your Account Isn't Verified!

In order to create a playlist on Sporcle, you need to verify the email address you used during registration. Go to your Sporcle Settings to finish the process.

Report this User

Report this user for behavior that violates our Community Guidelines.

Details: